000 00414nam a2200145Ia 4500
005 20250405170240.0
008 240331s9999 xx 000 0 und d
082 _bSIV
_a894
100 _aSivakumaran, S.K
245 0 _aEelaththuch chiru kathaith thohupuhal
260 _aColombo
_bSevwandi ( Pvt) Ltd
_c1998
300 _avi, 154 p .,
500 _aSri Lankan Short Story Collections Critical Insights
942 _cL
999 _c3786
_d3786